Sloboda, tvorivosť a nevyhnutnosť Marxova koncepcia práce a otázky umeleckej tvorby

Bibliographic Details
Main Author: Miko, František, 1920-2010 (Author)
Format: Article
Language:Slovak
Subjects:

MARC

LEADER 00000nab a2200000 a 4500
001 vtls000154871
003 SK-MaSNL
005 20260304072958.0
008 250423c1983 xo 0 slo
015 |a SNBRB19rr/mm-uuuuu 
035 |a CL0164978 
035 |a urn:nbn:sk:snk-abbch8 
035 |a (urnnbn)urn:nbn:sk:snk:ar-00012j 
035 |a (uuid)243b7a21-d21a-4ce0-a2c1-b0bf6fbc600d 
040 |a SNKBUCL  |b slo  |c SNKBUCL  |e AACR2 
041 0 |a slo 
044 |a xo  |c SK 
080 |a 82:1  |2 1981 
080 |a 1  |2 1981 
080 |a 1 100.112.7  |2 1981 
080 |a 111.852  |2 1981 
100 1 |a Miko, František,  |d 1920-2010  |4 aut  |9 198912 
245 1 0 |a Sloboda, tvorivosť a nevyhnutnosť  |b Marxova koncepcia práce a otázky umeleckej tvorby  |c František Miko 
650 0 7 |a Marx, Karl  |2 snkbucl  |9 115890 
655 7 |a články z novín a časopisov  |2 snkbucl  |9 267496 
655 7 |a články z odboru literárna veda a krásna literatúra  |2 snkbucl  |9 770045 
773 0 |t Romboid  |g Roč. 18, č. 8 (1983), s. 2-4 
850 |a Slovenská národná knižnica 
852 |a Slovenská národná knižnica 
958 |a article15 
958 |a RK 
958 |a LX 
958 |a DE 
958 |a OND 
958 |a EUIPO 
992 |a RBX 
999 |c 2768821  |d 2770751